| Поле | Инд. | ПП | Название | Значение |
|---|---|---|---|---|
| Тип записи | a | |||
| Библиографический уровень | b | |||
| 001 | Контрольный номер | RU/IS/BASE/496161545 | ||
| 005 | Дата корректировки | 20200522191738.5 | ||
| 008 | Кодируемые данные | 20150921 | ||
| 040 | b | Код языка каталог. | rus | |
| e | Правила каталог. | PSBO | ||
| 041 | 0_ | a | Код языка текста | rus |
| 084 | a | Индекс другой классификации/Индекс ББК | 60.0; 65.261.94(0) | |
| 100 | 1_ | a | Автор | Гимпельсон В. Е. |
| q | Полное имя | Гимпельсон Владимир Ефимович | ||
| 100 | 1_ | a | Автор | Монусова Г. А. |
| q | Полное имя | Монусова Галина Алексеевна | ||
| 245 | 10 | a | Заглавие | Восприятие неравенства и социальная мобильность |
| 504 | a | Библиография | Лит. в конце статьи | |
| 520 | 0_ | a | Аннотация | Делается попытка ответа на вопрос: связано ли восприятие различий в благосостоянии (т.е. отношение к неравенству) с реализацией тех возможностей восходящей мобильности, которые имеются в распоряжении индивидов? Является ли социально-мобильное общество более толерантным к дифференциации? Гипотеза: терпимость к неравенству положительно зависит от предыдущего опыта вертикальной социальной мобильности, включающего ее масштаб и оценку легитимности / справедливости наиболее распространенных механизмов повышения статуса... |
| 650 | a | Основная рубрика | личные финансы | |
| a | Основная рубрика | социальная философия | ||
| a | Основная рубрика | философия | ||
| a | Основная рубрика | финансы | ||
| a | Основная рубрика | экономика | ||
| 653 | 1_ | a | Ключевые слова | бедность |
| a | Ключевые слова | благосостояние | ||
| a | Ключевые слова | вертикальная мобильность | ||
| a | Ключевые слова | восприятие неравенства | ||
| a | Ключевые слова | дифференциация доходов | ||
| a | Ключевые слова | доходы населения | ||
| a | Ключевые слова | легитимность неравенства | ||
| a | Ключевые слова | межстрановые сравнения | ||
| a | Ключевые слова | неравенство доходов | ||
| a | Ключевые слова | перераспределение благ | ||
| a | Ключевые слова | Россия | ||
| a | Ключевые слова | социальная дифференциация | ||
| a | Ключевые слова | социальная мобильность | ||
| a | Ключевые слова | социальная справедливость | ||
| a | Ключевые слова | социально-демографические группы | ||
| a | Ключевые слова | социальное неравенство | ||
| a | Ключевые слова | социальное продвижение | ||
| a | Ключевые слова | средний класс | ||
| a | Ключевые слова | толерантность | ||
| a | Ключевые слова | туннельный эффект | ||
| 773 | 0_ | t | Заглавие источника | Экономический журнал ВШЭ |
| d | Дата издания источника | 2014 | ||
| g | Прочая информация | Т. 18, № 2. - С. 216 - 248 : табл., граф., диагр., расчет. | ||
| w | Контрольный № источника | RU/IS/BASE/458757782 | ||
| 901 | t | Тип документа | b |